000 00558nam a22001817a 4500
005 20251108165223.0
008 250721s2006 xx 000 0 ara d
082 1 4 _aط/928.11/كات
100 1 _aالكاتب، سيف الدين
245 1 0 _aأبو تمام الطائي الشاعر الملحمي /
264 1 _aبيروت :
_bدار الشرق العربي،
_c2006.
300 _a104ص.
650 1 7 _aالتراجم
650 1 7 _aالشعراا العرب
653 _aناشاون صغار(10-14)سنه
942 _2ddc
_cBK
999 _c22465
_d22465